Les numéros 10 des 32 équipes à la coupe du monde 2022 - Statistiques

Statistiques générales
  • Ce quiz a été pris 198 fois
  • Le résultat moyen est 10 sur 32
Statistiques - réponses
Hint Réponse % Correct
France Kylian Mbappé
96%
Argentine Leo Messi
85%
Brésil Neymar Jr
85%
Croatie Luka Modric
83%
Belgique Eden Hazard
78%
Danemark Christian Eriksen
69%
Portugal Bernardo Silva
63%
Pays-Bas Memphis Depay
61%
Etats-Unis Christian Pulisic
56%
Allemagne Serge Gnabry
49%
Pays de Galles Aaron Ramsey
40%
Angleterre Raheem Sterling
40%
Suisse Granit Xhaka
37%
Espagne Marco Asensio
34%
Serbie Dusan Tadic
25%
Cameroun Vincent Aboubakar
25%
Ghana André Ayew
24%
Japon Takumi Minamino
14%
Arabie Saoudite Salem Al-Dawsari
13%
Mexique Alexis Vega
9%
Pologne Grzegorz Krychowiak
9%
Costa Rica Bryan Ruiz
7%
Tunisie Wahbi Kahzri
5%
Canada Junior Hoilett
4%
Qatar Hassan Al-Haydos
2%
Sénégal Moussa Ndiaye
2%
Maroc Anass Zarouri
1%
Uruguay Giorgian da Arrascaeta
1%
Corée du Sud Lee Jae-Sung
1%
Equateur Romario Ibarra
1%
Australie Ajdin Hrustic
0%
Iran Karim Ansarifard
0%
Aucun quiz correspondant
Distribution des résultats
% des personnes avec chaque résultat
Percentile par nombre de réponses
Votre historique - résultats
Vous n’avez pas pris ce quiz